Movies Quiz

Random Movies or Actor Quiz

Superman Actors/Actresses Quiz Stats

 Plays Quiz Updated Mar 25, 2016

Challenge
Share
Tweet
Embed
Score 0/43 Timer 06:00
3 Plays Today
% Correct
Christopher Reeve
95.4%
Christopher Reeve
95.4%
Christopher Reeve
95.4%
Christopher Reeve
95.4%
Gene Hackman
78.7%
Gene Hackman
78.7%
Gene Hackman
78.7%
Ben Affleck
75.8%
Henry Cavill
72.7%
Amy Adams
71.8%
Marlon Brando
67.6%
Amy Adams
64.7%
Kevin Spacey
61.3%
Margot Kidder
60.8%
Margot Kidder
60.8%
Margot Kidder
60.8%
Margot Kidder
60.8%
Henry Cavill
59.2%
Russell Crowe
57.6%
Jesse Eisenberg
56.3%
Brandon Routh
54.7%
Gal Gadot
54.6%
% Correct
Kevin Costner
54.4%
Laurence Fishburne
45.4%
Jeremy Irons
45.2%
Richard Pryor
41.3%
Diane Lane
37.7%
Kate Bosworth
36.2%
Laurence Fishburne
35.1%
Terence Stamp
34.7%
Michael Shannon
34.7%
Jackie Cooper
19.6%
Jackie Cooper
19.6%
Jackie Cooper
19.6%
Jackie Cooper
19.6%
James Marsden
19%
Annette O'Toole
16.8%
Frank Langella
15.3%
Robert Vaughn
11.2%
Mariel Hemingway
10%
Sarah Douglas
9.9%
Jack O'Halloran
8%
Mark Pillow
6.7%

You're not logged in!

Compare scores with friends on all Sporcle quizzes.
Join for Free
OR
Log In

You Might Also Like...

Show Comments

Extras

Top Quizzes Today


Score Distribution

Your Account Isn't Verified!

In order to create a playlist on Sporcle, you need to verify the email address you used during registration. Go to your Sporcle Settings to finish the process.

Report this User

Report this user for behavior that violates our Community Guidelines.

Details: